Uszereguj województwa według powierzchni - Statystyki

Ogólne statystyki
  • Ten quiz został rozwiązany 15 razy
  • Średni wynik to 4 z 16
Statystyki odpowiedzi
Województwo powierzchnia (km²) % Poprawnych
mazowieckie 35 559
100%
wielkopolskie 29 827
100%
lubelskie 25 122
46%
opolskie 9 412
46%
świętokrzyskie 11 709
38%
lubuskie 13 988
15%
śląskie 12 334
15%
warmińsko-mazurskie 24 174
15%
zachodniopomorskie 22 910
15%
dolnośląskie 19 947
8%
małopolskie 15 184
8%
podlaskie 20 187
8%
kujawsko-pomorskie 17 972
0%
łódzkie 18 219
0%
podkarpackie 17 845
0%
pomorskie 19 547
0%
Nie znaleziono quizów pasujących do podanych kryteriów
Rozkład punktacji
Procent ludzi z każdym wynikiem
Percentyl według liczby udzielonych odpowiedzi
Twoja historia wyników
Nie rozwiązałeś tego quizu